000 00863cam a2200325 4500500
005 20260405003606.0
041 _afre
042 _adc
100 1 0 _aSorente, Isabelle
_eauthor
245 0 0 _aRéparer la Terre ?
260 _c2022.
500 _a63
690 _aBaptiste Morizot
690 _aClimat
690 _aDominique Bourg
690 _aEmmanuel Hache
690 _aÉnergie
690 _aGéo-ingénierie
690 _ainnovation
690 _aProgrès
690 _aRéparation
690 _aRessources
690 _aScience
690 _aTechnique
690 _aTerre
690 _aVirginie Maris
690 _aVivant
786 0 _nPhilosophie magazine | 164 | 11 | 2022-11-01 | p. 24-24 | 1951-1787
856 4 1 _uhttps://shs.cairn.info/magazine-philosophie-magazine-2022-11-page-24?lang=fr&redirect-ssocas=7080
999 _c2069067
_d2069067